Т. 2: Записки сиротки. Приютки. Вторая Нина. Ради семьи: повести; Собрание сочинений
| Источник: | Собрание сочинений: в 5 т./ Л. А. Чарская. Т. 2: Записки сиротки. Приютки. Вторая Нина. Ради семьи.— , 2008.— 978-5-275-01798-4 |
|---|---|
| Примечания: | Лидия Алексеевна Чарская (Чурилова) - детская писательница, повестями, стихами, рассказами и сказками которой зачитывалось не одно поколение детей. Она успевала не только писать (за пятнадцать лет вышло восемьдесят ее книг), но и играть на сцене Александрийского театра в Петербурге, где проработала четверть века. Писательская судьба Лидии Алексеевны печальна: ее произведения неоднократно подвергались разгромной критике, после 1917 года перестали печатать книги Чарской, а затем и вовсе их запретили и изъяли из библиотек. Тем не менее на протяжении всей своей жизни она оставалась одной из самых популярных и востребованных писательниц, затронувшей в своих произведениях проблемы богатства и бедности, красоты и уродства, жизни и смерти. Во второй том собрания сочинений вошли повести "Записки сиротки", "Приютки", "Вторая Нина", в которой продолжается рассказ о рано умершей грузинской княжне, "Ради семьи". |
| Язык: | русский |
| Опубликовано: |
2008
|
| Предметы: | |
| Формат: | Книга |
| Запись в KOHA: | https://koha.lib.tpu.ru/cgi-bin/koha/opac-detail.pl?biblionumber=169003 |
MARC
| LEADER | 00000nam2a2200000 4500 | ||
|---|---|---|---|
| 001 | 169003 | ||
| 005 | 20231031163300.0 | ||
| 010 | |a 9785275018004 | ||
| 035 | |a (RuTPU)RU\TPU\book\183336 | ||
| 090 | |a 169003 | ||
| 100 | |a 20091105d2008 m y0rusy50 ca | ||
| 101 | 0 | |a rus | |
| 102 | |a RU | ||
| 105 | |a y z 000ay | ||
| 200 | 0 | |a Т. 2: Записки сиротки. Приютки. Вторая Нина. Ради семьи |e повести | |
| 210 | |d 2008 | ||
| 215 | |a 560 с. | ||
| 330 | |a Лидия Алексеевна Чарская (Чурилова) - детская писательница, повестями, стихами, рассказами и сказками которой зачитывалось не одно поколение детей. Она успевала не только писать (за пятнадцать лет вышло восемьдесят ее книг), но и играть на сцене Александрийского театра в Петербурге, где проработала четверть века. Писательская судьба Лидии Алексеевны печальна: ее произведения неоднократно подвергались разгромной критике, после 1917 года перестали печатать книги Чарской, а затем и вовсе их запретили и изъяли из библиотек. Тем не менее на протяжении всей своей жизни она оставалась одной из самых популярных и востребованных писательниц, затронувшей в своих произведениях проблемы богатства и бедности, красоты и уродства, жизни и смерти. Во второй том собрания сочинений вошли повести "Записки сиротки", "Приютки", "Вторая Нина", в которой продолжается рассказ о рано умершей грузинской княжне, "Ради семьи". | ||
| 461 | 1 | |0 (RuTPU)RU\TPU\book\215149 |y 978-5-275-01798-4 |t Собрание сочинений |o в 5 т. |f Л. А. Чарская |v Т. 2: Записки сиротки. Приютки. Вторая Нина. Ради семьи |d 2008 | |
| 610 | 1 | |a русская литература | |
| 610 | 1 | |a детская литература | |
| 610 | 1 | |a повести | |
| 675 | |a Р1 |v 3 | ||
| 801 | 1 | |a RU |b 63413507 |c 20091105 | |
| 801 | 2 | |a RU |b 63413507 |c 20131225 |g RCR | |
| 942 | |c BK | ||
| 959 | |a 114/20091105 |d 1 |e 210,00 |f ХФ:1 | ||